Представление документа в формате MARC21

Поле Инд. ПП Название Значение
Тип записи a
Библиографический уровень b
001 Контрольный номер 3e51ab5a4ced40d18c22d12f2fe69657
005 Дата корректировки 20210908160226.4
024 80 a Стандартный номер DOI: 10.1134/S1064229316110065
040 a Служба первич. каталог. РИНЦ
b Код языка каталог. rus
041 0_ a Код языка текста English
097 a Ануфриева Г.Ю.
100 1_ a Автор Makarov O. A.
c Титул (звания) профессор; доктор биологических наук
g Прочие сведения РИНЦ AuthorID: 131155 (http://elibrary.ru/author_profile.asp?id= 131155); SPIN-код: 3281-3753 (http://elibrary.ru/author_items.asp?authorid=131155); ResearcherID: B-4110-2013 (http://www.researcherid.com/rid/B-4110-2013)
i 000090738
k Кафедра экологии и наук о Земле; Факультет естественных и инженерных наук
q Полное имя Макаров Олег Анатольевич
u Дополнение Макаров О. А.
100 1_ a Автор Tsvetnov E. V.
100 1_ a Автор Shcheglov A. I.
100 1_ a Автор Romashkina A. D.
100 1_ a Автор Ermiyaev Y. R.
245 10 a Заглавие Cadastral Valuation of Lands Polluted With Radionuclides
773 18 t Название источника Eurasian Soil Science
b Сведения об издании MAIK NAUKA/INTERPERIODICA/SPRINGER
c USA; RUSSIA
d Место и дата издания 2016
m Специф. данные входит в Scopus;входит в WoS;входит в ядро РИНЦ;зарубежный журнал;ненулевой импакт-фактор
p Eurasian Soil Sci.
o Прочие индексы wos 0.576, scopus 0.73, ринц-
x ISSN 1064-2293
g Прочая информация V. 49. - № 11. - P. 1288 - 1293
w Контрольный № источника c7ccd9102dec4d95b11642307b5f82cf
856 40 u URL https://elibrary.ru/item.asp?id=29491611
901 t Тип документа b
952 c Вид литературы статья в журнале